000 01879nem a2200409 4500
001 RU\NLR\DIGIT\30410
005 20190429182736.0
035 _a(NLR Aleph) 010124364
090 _a10010325
_c10010325
100 _a20060125f1776 m y0rusy50 ca
101 0 _arus
102 _aRU
120 _aayy xx||
123 1 _aа
_b5000000
135 _acrcn 024apabr
200 1 _aКарта Каспийскаго моря из новейших извъстий собранная в 1776 году
_bКарты
_gвыр. С. Максимов
206 _aок. 1:5 000 000, 120 вёрст в 1 дюйме (50 км в 1 см)
210 _a[Санкт-Петербург
_cГеографический департамент Академии наук]
_d1776
215 _a1 к
_cграв.
_d24,5х14,5 (34,5х25,5) см
325 _aКопия доступна в Электрон. б-ке РНБ http://vivaldi.nlr.ru/cm000000330/view
509 0 1 _aКаспийское море
_3RU\NLR\auth_crt\551818
518 1 _aКарта Каспийского моря из новейших извъстий собранная в 1776 году
607 _aКаспийское море
_jКарты
_2nlr_sh1
_2nlr_sh2
_3RU\NLR\AUTH\66132780
608 _aМорские карты
_2nlr_sh1
_3RU\NLR\AUTH\6682249
702 1 _aМаксимов,
_bС.
_gСемён
_4350
801 2 _aRU
_bNLR
_c20070626
_2rusmarc
852 _aNLR
_bК
_j1-Касп 1/5
856 0 _uhttp://vivaldi.nlr.ru/cm000000330/view
856 1 _uhttp://vivaldi.nlr.ru/cm000000330/cover
856 2 _uhttp://vivaldi.nlr.ru/cm000000330/text
942 _cMAP
980 _aCRT_CCRP18
980 _aNB
981 3 6 _a(36) Цифровой репозиторий РНБ
981 1 9 _a(19) Картографические материалы